<?xml version="1.0" encoding="UTF-8"?><?xml-stylesheet type="text/xsl" href="static/style.xsl"?><OAI-PMH xmlns="http://www.openarchives.org/OAI/2.0/" xmlns:xsi="http://www.w3.org/2001/XMLSchema-instance" xsi:schemaLocation="http://www.openarchives.org/OAI/2.0/ http://www.openarchives.org/OAI/2.0/OAI-PMH.xsd"><responseDate>2026-04-27T21:53:49Z</responseDate><request verb="GetRecord" identifier="oai:uvadoc.uva.es:10324/911" metadataPrefix="marc">https://uvadoc.uva.es/oai/request</request><GetRecord><record><header><identifier>oai:uvadoc.uva.es:10324/911</identifier><datestamp>2021-07-02T07:22:05Z</datestamp><setSpec>com_10324_895</setSpec><setSpec>com_10324_931</setSpec><setSpec>com_10324_894</setSpec><setSpec>com_10324_1508</setSpec><setSpec>col_10324_898</setSpec><setSpec>col_10324_1584</setSpec></header><metadata><record xmlns="http://www.loc.gov/MARC21/slim" xmlns:doc="http://www.lyncode.com/xoai" xmlns:xsi="http://www.w3.org/2001/XMLSchema-instance" xmlns:dcterms="http://purl.org/dc/terms/" xsi:schemaLocation="http://www.loc.gov/MARC21/slim http://www.loc.gov/standards/marcxml/schema/MARC21slim.xsd">
<leader>00925njm 22002777a 4500</leader>
<datafield tag="042" ind1=" " ind2=" ">
<subfield code="a">dc</subfield>
</datafield>
<datafield tag="720" ind1=" " ind2=" ">
<subfield code="a">Cabezudo Rodríguez, Nicolás</subfield>
<subfield code="e">author</subfield>
</datafield>
<datafield tag="260" ind1=" " ind2=" ">
<subfield code="c">2011</subfield>
</datafield>
<datafield tag="520" ind1=" " ind2=" ">
<subfield code="a">La búsqueda del método más adecuado para la&#xd;
consecución de los objetivos docentes proyectados constituye una nueva tarea&#xd;
que el profesor universitario ha asumido casi siempre sin referencias fiables.&#xd;
Sobre este aspecto confluyen factores (cuantitativos, cualitativos, motivadores,&#xd;
etc.) de muy difícil ponderación, especialmente para un colectivo carente de la&#xd;
más mínima formación en estas materias. Desde una perspectiva&#xd;
esencialmente intuitiva, la opción por un método combinado de acciones&#xd;
formativas sobre la base de un sistema de evaluación continua parece la más&#xd;
conveniente. No obstante, la duda subsiste.</subfield>
</datafield>
<datafield tag="024" ind2=" " ind1="8">
<subfield code="a">Echebarría Sáenz, Joseba A. IV Congreso Nacional de Innovación en Ciencias Jurídicas: Coordinación y planificación en los estudios de derecho.Valladolid: Universidad de Valladolid, 2011, p.884-902</subfield>
</datafield>
<datafield tag="024" ind2=" " ind1="8">
<subfield code="a">978-84-694-8683-2</subfield>
</datafield>
<datafield tag="024" ind2=" " ind1="8">
<subfield code="a">http://uvadoc.uva.es/handle/10324/911</subfield>
</datafield>
<datafield ind1=" " ind2=" " tag="653">
<subfield code="a">Estudiantes universitarios-Evaluación</subfield>
</datafield>
<datafield ind1=" " ind2=" " tag="653">
<subfield code="a">Enseñanza universitaria-Innovaciones</subfield>
</datafield>
<datafield tag="245" ind1="0" ind2="0">
<subfield code="a">La elección del método de docencia/aprendizaje, praxis y valoración de los resultados</subfield>
</datafield>
</record></metadata></record></GetRecord></OAI-PMH>